Statistics for Countries T-Pain has Visited

Click here to take the quiz!

General Stats

  • This quiz has been taken 11 times
  • The average score is 16 of 19

Answer Stats

ContinentCountry% Correct
AsiaChina
100%
EuropeFrance
100%
AsiaJapan
100%
EuropeUnited Kingdom
100%
OceaniaAustralia
90%
North AmericaCanada
90%
EuropeDenmark
90%
EuropeFinland
90%
North AmericaMexico
90%
EuropeNetherlands
90%
OceaniaNew Zealand
90%
North AmericaUnited States of America
90%
EuropeBelgium
80%
AsiaIndia
80%
AfricaSouth Africa
80%
AsiaTaiwan
70%
AsiaMalaysia
50%
AsiaLebanon
40%
AfricaTanzania
40%

Score Distribution

Percentile by Number Answered

Percent of People with Each Score

Your Score History

You have not taken this quiz